[Event "Titled Tuesday intern op 05th Sep Early"]
[Site "Chess.com INT"]
[Date "2023.09.05"]
[Round "9"]
[White "Chos, Alexey"]
[Black "Matthiesen, Martin"]
[Result "0-1"]
[WhiteElo "2296"]
[BlackElo "2282"]
[PlyCount "112"]
[EventDate "2023.09.05"]
[EventType "swiss (blitz)"]
[EventRounds "11"]
[EventCountry "USA"]
[SourceTitle "EXT 2024"]
[Source "ChessBase"]
[SourceDate "2023.10.10"]
[SourceVersion "1"]
[SourceVersionDate "2023.10.10"]
[SourceQuality "1"]

1. d4 Nf6 2. Nf3 d5 3. g3 Bf5 4. Bg2 c6 5. 0-0 e6 6. b3 Bd6 7. Bb2 0-0 8. Nbd2 Qe7 9. c4 Nbd7 10. Nh4 Bg4 11. h3 Bh5 12. g4 Nxg4 13. Nhf3 Ngf6 14. Ne5 Rfd8 15. Re1 Bb4 16. a3 Ba5 17. Qc2 Rac8 18. b4 Bc7 19. Nd3 Bg6 20. e4 dxe4 21. Nxe4 Nxe4 22. Bxe4 Qg5+ 23. Kf1 Qh5 24. Bg2 Ne5 25. Rad1 Nxd3 26. Rxd3 Bxd3+ 27. Qxd3 Bb6 28. Re4 Qf5 29. Qe2 Rd7 30. Qe3 Rcd8 31. Bc3 Qf6 32. Rf4 Qe7 33. c5 Bc7 34. Rg4 g6 35. h4 Rd5 36. Bxd5 Rxd5 37. Ke2 Bd8 38. Qf3 Qd7 39. Re4 Be7 40. Kd3 Bf8 41. Kc2 Bg7 42. Qf4 h5 43. Qe3 Qe7 44. Kb3 Qf6 45. a4 Qf5 46. b5 Qf6 47. f4 Qe7 48. Bb4 cxb5 49. axb5 Qd7 50. Kc4 a6 51. bxa6 bxa6 52. Qd3 Qb5+ 53. Kc3 Qc6 54. Kc4 a5 55. Bxa5 Bxd4 56. Rxd4 Qxc5+ 0-1

[Event "Titled Tuesday intern op 05th Sep Early"]
[Site "Chess.com INT"]
[Date "2023.09.05"]
[Round "3"]
[White "Chos, Alexey"]
[Black "Orozbaev, Eldiar"]
[Result "1-0"]
[WhiteElo "2296"]
[BlackElo "2286"]
[PlyCount "93"]
[EventDate "2023.09.05"]
[EventType "swiss (blitz)"]
[EventRounds "11"]
[EventCountry "USA"]
[SourceTitle "EXT 2024"]
[Source "ChessBase"]
[SourceDate "2023.10.10"]
[SourceVersion "1"]
[SourceVersionDate "2023.10.10"]
[SourceQuality "1"]

1. Nf3 d5 2. b3 Nf6 3. Bb2 c5 4. g3 Nc6 5. Bg2 g6 6. 0-0 Bg7 7. d3 0-0 8. Nbd2 Qc7 9. e4 dxe4 10. Nxe4 Nxe4 11. Bxg7 Kxg7 12. dxe4 Bg4 13. Qd2 Bxf3 14. Bxf3 Qe5 15. c3 Rfd8 16. Qe3 Rd6 17. Bg4 Qf6 18. f4 e5 19. Be2 b6 20. Bc4 Qe7 21. f5 Rad8 22. Bd5 f6 23. g4 g5 24. h4 h6 25. hxg5 hxg5 26. Qh3 Rh8 27. Qg2 Qd8 28. Rad1 Ne7 29. c4 Rh4 30. Rd3 Qh8 31. Rff3 Kf8 32. Rh3 Ke8 33. Rxh4 Qxh4 34. Rh3 Qe1+ 35. Kh2 Rd8 36. Rh6 Kd7 37. Rh7 Kd6 38. a3 a5 39. Rh6 Kc7 40. Qf3 Qd2+ 41. Kg3 Qc1 42. Kg2 Qb2+ 43. Qf2 Qxb3 44. Rh7 Kd6 45. Qd2 Rd7 46. Be6+ Nd5 47. Qxd5+ 1-0

[Event "Titled Tuesday intern op 05th Sep Early"]
[Site "Chess.com INT"]
[Date "2023.09.05"]
[Round "5"]
[White "Chos, Alexey"]
[Black "Salinas Herrera, Pablo Patricio"]
[Result "0-1"]
[WhiteElo "2296"]
[BlackElo "2460"]
[PlyCount "68"]
[EventDate "2023.09.05"]
[EventType "swiss (blitz)"]
[EventRounds "11"]
[EventCountry "USA"]
[SourceTitle "EXT 2024"]
[Source "ChessBase"]
[SourceDate "2023.10.10"]
[SourceVersion "1"]
[SourceVersionDate "2023.10.10"]
[SourceQuality "1"]

1. d4 d5 2. Nf3 c6 3. b3 Nf6 4. Bb2 Bf5 5. e3 Nbd7 6. Bd3 Bxd3 7. Qxd3 e6 8. 0-0 Be7 9. c4 0-0 10. Nbd2 a5 11. a3 Qb6 12. Rab1 Qa6 13. Rfc1 Rfd8 14. e4 dxe4 15. Nxe4 Nxe4 16. Qxe4 Bf6 17. a4 Qb6 18. Ba3 Nf8 19. Rd1 Ng6 20. h4 h6 21. g4 Nxh4 22. Nxh4 Bxh4 23. Kg2 Bf6 24. Bc5 Qc7 25. f4 Rd7 26. Rh1 b6 27. g5 bxc5 28. gxf6 Rxd4 29. Qe5 Qxe5 30. fxe5 Rb8 31. Rh3 Rxc4 32. Rg3 g5 33. Rh1 Rc2+ 34. Kh3 Rb4 0-1

[Event "Titled Tuesday intern op 05th Sep Early"]
[Site "Chess.com INT"]
[Date "2023.09.05"]
[Round "6"]
[White "Chos, Alexey"]
[Black "Tissir, Mohamed"]
[Result "1-0"]
[WhiteElo "2296"]
[BlackElo "2344"]
[PlyCount "63"]
[EventDate "2023.09.05"]
[EventType "swiss (blitz)"]
[EventRounds "11"]
[EventCountry "USA"]
[SourceTitle "EXT 2024"]
[Source "ChessBase"]
[SourceDate "2023.10.10"]
[SourceVersion "1"]
[SourceVersionDate "2023.10.10"]
[SourceQuality "1"]

1. d4 Nf6 2. Nf3 g6 3. b3 Bg7 4. Bb2 0-0 5. g3 a5 6. Bg2 a4 7. 0-0 d6 8. Nbd2 a3 9. Bc3 Nd5 10. Nb1 Nxc3 11. Nxc3 c5 12. Qd2 cxd4 13. Nxd4 Nc6 14. Nxc6 bxc6 15. Bxc6 Ra6 16. Bb5 Qa5 17. Bxa6 Bxc3 18. Qe3 Bxa6 19. Rad1 Qc7 20. h4 Rc8 21. h5 Kg7 22. Rd5 e5 23. h6+ Kg8 24. Rfd1 Bb4 25. Qg5 Qd8 26. Qxe5 dxe5 27. Rxd8+ Rxd8 28. Rxd8+ Bf8 29. c4 f5 30. c5 Kf7 31. c6 Be7 32. c7 1-0

[Event "Titled Tuesday intern op 05th Sep Early"]
[Site "Chess.com INT"]
[Date "2023.09.05"]
[Round "11"]
[White "Hajiyev, Kanan"]
[Black "Chos, Alexey"]
[Result "0-1"]
[WhiteElo "2113"]
[BlackElo "2296"]
[PlyCount "64"]
[EventDate "2023.09.05"]
[EventType "swiss (blitz)"]
[EventRounds "11"]
[EventCountry "USA"]
[SourceTitle "EXT 2024"]
[Source "ChessBase"]
[SourceDate "2023.10.10"]
[SourceVersion "1"]
[SourceVersionDate "2023.10.10"]
[SourceQuality "1"]

1. d4 Nf6 2. Nf3 g6 3. e3 Bg7 4. Be2 Kf8 5. 0-0 Kg8 6. b3 h6 7. Bb2 Kh7 8. c4 Re8 9. Nc3 d6 10. d5 e5 11. dxe6 Bxe6 12. Nd4 Bd7 13. Bf3 Nc6 14. Nd5 Nxd5 15. Nxc6 bxc6 16. Bxg7 Nxe3 17. fxe3 Kxg7 18. Qd4+ Re5 19. c5 Qe7 20. cxd6 cxd6 21. Rad1 d5 22. e4 c5 23. Qb2 d4 24. b4 Rb8 25. a3 a5 26. Rc1 axb4 27. axb4 Rxb4 28. Qa3 Bc6 29. Qa2 Bxe4 30. Bxe4 Rxe4 31. Rxc5 Re1 32. Rc1 Rxc1 0-1

[Event "Titled Tuesday intern op 05th Sep Early"]
[Site "Chess.com INT"]
[Date "2023.09.05"]
[Round "8"]
[White "Novikov, Evgenij"]
[Black "Chos, Alexey"]
[Result "1-0"]
[WhiteElo "2276"]
[BlackElo "2296"]
[PlyCount "73"]
[EventDate "2023.09.05"]
[EventType "swiss (blitz)"]
[EventRounds "11"]
[EventCountry "USA"]
[SourceTitle "EXT 2024"]
[Source "ChessBase"]
[SourceDate "2023.10.10"]
[SourceVersion "1"]
[SourceVersionDate "2023.10.10"]
[SourceQuality "1"]

1. e4 c5 2. d4 cxd4 3. c3 d3 4. Bxd3 Nc6 5. Nf3 g6 6. 0-0 Bg7 7. c4 Nf6 8. Nc3 0-0 9. h3 d6 10. Be3 h6 11. Qd2 Kh7 12. Rac1 Be6 13. b3 Rc8 14. Rfd1 Qa5 15. Nd5 Qxd2 16. Nxf6+ Bxf6 17. Rxd2 Nb4 18. Bd4 Rfd8 19. Bxf6 exf6 20. Rcd1 a5 21. Nd4 a4 22. Nb5 Rc6 23. Be2 axb3 24. axb3 Ra8 25. Nxd6 b6 26. f4 Kg7 27. f5 Bc8 28. e5 Ra3 29. Ne8+ Kf8 30. Nxf6 Kg7 31. Rd8 h5 32. h4 Bxf5 33. Rg8+ Kh6 34. Rh8+ Kg7 35. Rh7+ Kf8 36. Rd8+ Ke7 37. Re8# 1-0

[Event "Titled Tuesday intern op 05th Sep Early"]
[Site "Chess.com INT"]
[Date "2023.09.05"]
[Round "1"]
[White "Spichkin, Alexander"]
[Black "Chos, Alexey"]
[Result "0-1"]
[WhiteElo "2052"]
[BlackElo "2296"]
[PlyCount "172"]
[EventDate "2023.09.05"]
[EventType "swiss (blitz)"]
[EventRounds "11"]
[EventCountry "USA"]
[SourceTitle "EXT 2024"]
[Source "ChessBase"]
[SourceDate "2023.10.10"]
[SourceVersion "1"]
[SourceVersionDate "2023.10.10"]
[SourceQuality "1"]

1. f4 d5 2. Nf3 Nf6 3. e3 c5 4. Be2 Nc6 5. 0-0 e5 6. fxe5 Nd7 7. d4 Be7 8. c3 0-0 9. Qe1 f6 10. exf6 Nxf6 11. Nbd2 Ng4 12. Nb3 c4 13. Nc5 Bxc5 14. dxc5 Qe7 15. Bd1 Qxc5 16. Nd4 Rxf1+ 17. Qxf1 Bd7 18. Qf4 Rf8 19. Qg3 Nge5 20. Bc2 Qe7 21. e4 Nxd4 22. cxd4 Ng4 23. e5 Nf2 24. Be3 Nd3 25. Bxd3 cxd3 26. Bg5 Qb4 27. Qxd3 Bb5 28. Qc3 Qxc3 29. bxc3 Rc8 30. e6 Rxc3 31. Rb1 Bc6 32. e7 h6 33. Bd2 Rc2 34. Bb4 Rxa2 35. Bd6 Re2 36. Rf1 Re6 37. Rf8+ Kh7 38. Bc5 b6 39. Bb4 a5 40. Ba3 Re3 41. Rc8 Ba4 42. Bd6 Re4 43. Be5 Re2 44. Rb8 Rb2 45. Bc7 Kg6 46. e8Q+ Bxe8 47. Rxe8 a4 48. Ra8 b5 49. Bd6 Kf5 50. Bc5 Ke4 51. h3 Kd3 52. Ra7 Kc4 53. Rxg7 b4 54. Ra7 Ra2 55. g4 b3 56. Rb7 b2 57. h4 Ra1+ 58. Kg2 b1Q 59. Rxb1 Rxb1 60. g5 hxg5 61. hxg5 Rb8 62. g6 Kb3 63. g7 Rg8 64. Bf8 a3 65. Kg3 Rxg7+ 66. Bxg7 a2 67. Kf4 a1Q 68. Ke5 Qg1 69. Bf6 Qg2 70. Be7 Kc4 71. Bc5 Qe4+ 72. Kd6 Qe8 73. Kc7 Qb5 74. Kd6 Qb7 75. Ke5 Qd7 76. Kf4 Kd3 77. Ke5 Qd8 78. Bd6 Qg5+ 79. Ke6 Kxd4 80. Be7 Qe5+ 81. Kd7 Ke4 82. Bd6 d4 83. Kc6 d3 84. Bxe5 Kxe5 85. Kc5 d2 86. Kc4 d1Q 0-1

[Event "Kerkinitida Cup Blitz"]
[Site "Evpatoria"]
[Date "2023.09.03"]
[Round "2"]
[White "Chos, Alexey"]
[Black "Bogdanovich, Konstantin"]
[Result "1-0"]
[WhiteElo "2296"]
[BlackElo "1160"]
[PlyCount "111"]
[EventDate "2023.09.03"]
[EventType "swiss (blitz)"]
[EventRounds "13"]
[EventCountry "UKR"]
[SourceTitle "EXT 2024"]
[Source "ChessBase"]
[SourceDate "2023.10.10"]
[SourceVersion "1"]
[SourceVersionDate "2023.10.10"]
[SourceQuality "1"]

1. e4 d5 2. exd5 Qxd5 3. Nc3 Qa5 4. Nf3 Nf6 5. d4 Bg4 6. h3 Bh5 7. g4 Bg6 8. b4 Qxb4 9. Bd2 Qd6 10. Rb1 b6 11. Bg2 c6 12. 0-0 e6 13. Ne5 Nfd7 14. Nb5 cxb5 15. Bxa8 Nxe5 16. dxe5 Qxe5 17. Re1 Qd4 18. Be3 Qxd1 19. Rbxd1 Bb4 20. Re2 0-0 21. Bb7 h5 22. Bf4 hxg4 23. hxg4 Bc5 24. Red2 f5 25. g5 Be7 26. Bd6 Bxd6 27. Rxd6 Bh5 28. R1d2 Kh7 29. Rd8 Rf7 30. Rxb8 Kg6 31. Bc6 Kxg5 32. Rb7 Rf6 33. Rxg7+ Kf4 34. Rd3 e5 35. Bg2 e4 36. Rd8 Rc6 37. Rd2 Bg4 38. Rgd7 Rc3 39. Rxa7 e3 40. fxe3+ Kxe3 41. Rd3+ Rxd3 42. cxd3 f4 43. Re7+ Kxd3 44. Kf2 Kc3 45. Re4 b4 46. Rxf4 Be6 47. Rf6 Bxa2 48. Rxb6 b3 49. Bd5 Kb2 50. Ke3 Kc3 51. Be6 Kc2 52. Ke2 Kc3 53. Kd1 Kb2 54. Kd2 Ka3 55. Kc3 b2 56. Ra6# 1-0

[Event "Kerkinitida Cup Blitz"]
[Site "Evpatoria"]
[Date "2023.09.03"]
[Round "4"]
[White "Chos, Alexey"]
[Black "Mukhtarova, Viktoriya"]
[Result "1-0"]
[WhiteElo "2296"]
[BlackElo "1978"]
[PlyCount "63"]
[EventDate "2023.09.03"]
[EventType "swiss (blitz)"]
[EventRounds "13"]
[EventCountry "UKR"]
[SourceTitle "EXT 2024"]
[Source "ChessBase"]
[SourceDate "2023.10.10"]
[SourceVersion "1"]
[SourceVersionDate "2023.10.10"]
[SourceQuality "1"]

1. e4 c5 2. f4 Nc6 3. Nf3 g6 4. Be2 Bg7 5. 0-0 d6 6. Nc3 Nf6 7. d3 0-0 8. Kh1 a6 9. a4 Rb8 10. f5 b5 11. axb5 axb5 12. fxg6 hxg6 13. Ng5 b4 14. Nd5 Nxd5 15. exd5 Nd4 16. Bg4 Bb7 17. c3 bxc3 18. bxc3 Nb5 19. Qf3 f5 20. Qh3 Rf6 21. Qh7+ Kf8 22. Ne6+ Rxe6 23. dxe6 Bd5 24. Bh6 Bxe6 25. Qxg7+ Ke8 26. Qxg6+ Kd7 27. Bxf5 Bxf5 28. Qxf5+ Kc7 29. Rfb1 Qg8 30. c4 Nd4 31. Ra7+ Kc6 32. Qd7# 1-0

[Event "Kerkinitida Cup Blitz"]
[Site "Evpatoria"]
[Date "2023.09.03"]
[Round "1"]
[White "Khasangatina, Kamilla"]
[Black "Chos, Alexey"]
[Result "0-1"]
[WhiteElo "1106"]
[BlackElo "2296"]
[PlyCount "45"]
[EventDate "2023.09.03"]
[EventType "swiss (blitz)"]
[EventRounds "13"]
[EventCountry "UKR"]
[SourceTitle "EXT 2024"]
[Source "ChessBase"]
[SourceDate "2023.10.10"]
[SourceVersion "1"]
[SourceVersionDate "2023.10.10"]
[SourceQuality "1"]

1. c4 e5 2. Nc3 d6 3. e3 Be7 4. Nf3 f5 5. d4 e4 6. Nd2 c6 7. b3 Nf6 8. Bb2 0-0 9. Qc2 a6 10. 0-0-0 d5 11. c5 Nbd7 12. h3 Qc7 13. g3 b6 14. cxb6 Nxb6 15. Kb1 a5 16. a4 Be6 17. Be2 Nfd7 18. h4 Rfb8 19. Rc1 Qb7 20. h5 Nf6 21. h6 g6 22. Rcg1 Ne8 23. Rf1 0-1

[Event "Kerkinitida Cup Rapid"]
[Site "Evpatoria"]
[Date "2023.09.01"]
[Round "7"]
[White "Chos, Alexey"]
[Black "Mukhtarova, Anastasiia"]
[Result "1-0"]
[WhiteElo "2296"]
[BlackElo "1835"]
[PlyCount "109"]
[EventDate "2023.08.31"]
[EventType "swiss (rapid)"]
[EventRounds "11"]
[EventCountry "UKR"]
[SourceTitle "EXT 2024"]
[Source "ChessBase"]
[SourceDate "2023.10.10"]
[SourceVersion "1"]
[SourceVersionDate "2023.10.10"]
[SourceQuality "1"]

1. e4 c5 2. f4 d6 3. Nf3 Qc7 4. Nc3 Nc6 5. Nd5 Qb8 6. c3 e6 7. Ne3 Nf6 8. d3 b5 9. g4 g6 10. h3 Bg7 11. Bg2 Bb7 12. 0-0 0-0 13. f5 exf5 14. exf5 Re8 15. g5 Nh5 16. f6 Bf8 17. Nd5 Ne5 18. Nxe5 dxe5 19. Be3 Qc8 20. Qg4 Bxd5 21. Bxd5 Rb8 22. Rfe1 Rd8 23. Be4 Bd6 24. a3 a6 25. Qxc8 Rdxc8 26. Kf2 Rc7 27. Kf3 a5 28. Red1 Bf8 29. Bd5 Rd8 30. Be4 Rb8 31. b3 Rbc8 32. h4 Rb8 33. Rdb1 Rd8 34. c4 Rb8 35. Bd5 Bd6 36. Rc1 Kf8 37. cxb5 Rxb5 38. Bd2 Nf4 39. Bc4 Rb8 40. Bxa5 Rcb7 41. Bd2 Ne6 42. Be3 Nd4+ 43. Bxd4 exd4 44. Re1 Re8 45. a4 Re5 46. Rxe5 Bxe5 47. a5 Bc7 48. a6 Ra7 49. Bd5 Bb6 50. Bb7 Bd8 51. Re1 h6 52. Re5 hxg5 53. hxg5 Bb6 54. Ke4 Ba5 55. Rxc5 1-0

[Event "Titled Tuesday intern op 29th Aug Early"]
[Site "Chess.com INT"]
[Date "2023.08.29"]
[Round "6"]
[White "Chos, Alexey"]
[Black "Anuj, Shrivatri"]
[Result "1-0"]
[WhiteElo "2296"]
[BlackElo "2420"]
[PlyCount "51"]
[EventDate "2023.08.29"]
[EventType "swiss (blitz)"]
[EventRounds "11"]
[EventCountry "USA"]
[SourceTitle "EXT 2024"]
[Source "ChessBase"]
[SourceDate "2023.10.10"]
[SourceVersion "1"]
[SourceVersionDate "2023.10.10"]
[SourceQuality "1"]

1. Nf3 f5 2. g3 Nf6 3. Bg2 g6 4. 0-0 Bg7 5. d3 d6 6. Nbd2 0-0 7. e4 e5 8. b3 Nc6 9. Bb2 Nh5 10. exf5 gxf5 11. Nxe5 Nxe5 12. Qxh5 Nf3+ 13. Nxf3 Bxb2 14. Rae1 Bf6 15. h4 Qd7 16. Ng5 c6 17. Re6 Be5 18. d4 Bxd4 19. Rfe1 Bf6 20. Bh3 Qg7 21. Rxd6 f4 22. Bxc8 Raxc8 23. Ne6 Qe7 24. Red1 Rfe8 25. Nxf4 Rc7 26. Re6 1-0

[Event "Titled Tuesday intern op 29th Aug Early"]
[Site "Chess.com INT"]
[Date "2023.08.29"]
[Round "5"]
[White "Chos, Alexey"]
[Black "Konenkin, Dmitry"]
[Result "1-0"]
[WhiteElo "2296"]
[BlackElo "2267"]
[PlyCount "105"]
[EventDate "2023.08.29"]
[EventType "swiss (blitz)"]
[EventRounds "11"]
[EventCountry "USA"]
[SourceTitle "EXT 2024"]
[Source "ChessBase"]
[SourceDate "2023.10.10"]
[SourceVersion "1"]
[SourceVersionDate "2023.10.10"]
[SourceQuality "1"]

1. c4 e5 2. Nc3 Bb4 3. g3 Nf6 4. Bg2 0-0 5. e4 d6 6. Nge2 Be6 7. d3 Qc8 8. h3 Nc6 9. Be3 Nd7 10. Qc2 f5 11. a3 Bc5 12. Bxc5 dxc5 13. Nd5 Kh8 14. 0-0 Nd4 15. Nxd4 cxd4 16. exf5 Bxf5 17. Ne7 Qb8 18. Nxf5 Rxf5 19. b4 c6 20. Rae1 Qd6 21. h4 Raf8 22. Qe2 Qf6 23. Bh3 g6 24. Bxf5 gxf5 25. Kh2 Re8 26. Qh5 Re7 27. Qg5 Qe6 28. f4 e4 29. dxe4 fxe4 30. f5 Qf6 31. Qf4 e3 32. Re2 Ne5 33. Rd1 Rd7 34. Kg2 Nxc4 35. Rd3 Rd5 36. g4 Qd6 37. Qe4 Qd8 38. g5 Ne5 39. Rd1 Nc4 40. f6 Ne5 41. h5 Qe8 42. Rh1 Qg8 43. g6 Nd7 44. g7+ Qxg7+ 45. fxg7+ Kxg7 46. Qe7+ Kh6 47. Kf3 Rf5+ 48. Ke4 Re5+ 49. Qxe5 Nxe5 50. Kxe5 d3 51. Rxe3 d2 52. Rd3 Kg5 53. Rxd2 1-0

[Event "Titled Tuesday intern op 29th Aug Early"]
[Site "Chess.com INT"]
[Date "2023.08.29"]
[Round "1"]
[White "Thake, Conrad"]
[Black "Chos, Alexey"]
[Result "0-1"]
[WhiteElo "1778"]
[BlackElo "2296"]
[PlyCount "72"]
[EventDate "2023.08.29"]
[EventType "swiss (blitz)"]
[EventRounds "11"]
[EventCountry "USA"]
[SourceTitle "EXT 2024"]
[Source "ChessBase"]
[SourceDate "2023.10.10"]
[SourceVersion "1"]
[SourceVersionDate "2023.10.10"]
[SourceQuality "1"]

1. e4 e5 2. Nf3 Nc6 3. Bb5 Nf6 4. 0-0 Nxe4 5. d4 Nd6 6. Bxc6 dxc6 7. Nxe5 Be7 8. Re1 0-0 9. Nc3 Bf6 10. f4 Nf5 11. Ne2 Be6 12. c3 c5 13. a4 cxd4 14. Nxd4 Nxd4 15. Qxd4 Qe7 16. Be3 Rfd8 17. Qc5 Qxc5 18. Bxc5 Rd2 19. b4 Bd5 20. g3 Rg2+ 21. Kf1 Rxh2 22. Ng4 Rh1+ 23. Kf2 Rxe1 24. Rxe1 Bxc3 25. Re7 b6 26. Be3 Bxb4 27. Rxc7 Be6 28. Ne5 f6 29. Nd3 Bd6 30. Rc1 Rd8 31. Re1 Bb3 32. Re2 Bxa4 33. Nb2 Bb5 34. Rd2 Be7 35. Rc2 Bc5 36. Bxc5 Rc8 0-1

[Event "Titled Tuesday intern op 22nd Aug Early"]
[Site "Chess.com INT"]
[Date "2023.08.22"]
[Round "2"]
[White "Chos, Alexey"]
[Black "Klukin, Kirill"]
[Result "0-1"]
[WhiteElo "2296"]
[BlackElo "2390"]
[PlyCount "56"]
[EventDate "2023.08.22"]
[EventType "swiss (blitz)"]
[EventRounds "11"]
[EventCountry "USA"]
[SourceTitle "EXT 2024"]
[Source "ChessBase"]
[SourceDate "2023.10.10"]
[SourceVersion "1"]
[SourceVersionDate "2023.10.10"]
[SourceQuality "1"]

1. c4 c5 2. g3 g6 3. Bg2 Bg7 4. Nf3 Nc6 5. 0-0 a6 6. e3 Rb8 7. d4 d6 8. Nc3 Nf6 9. dxc5 dxc5 10. Qxd8+ Nxd8 11. e4 Ne6 12. h3 b5 13. cxb5 axb5 14. e5 Nd7 15. Re1 Bb7 16. Nxb5 Bxf3 17. Bxf3 Rxb5 18. Bc6 Rb6 19. Ba4 Kd8 20. f4 Kc7 21. Kg2 Ra8 22. b3 Nd4 23. Rd1 f6 24. exf6 Bxf6 25. Be3 Rd6 26. Rac1 Ne2 27. Rxd6 exd6 28. Re1 Nc3 0-1

[Event "Alushta Blitz op"]
[Site "Alushta"]
[Date "2023.07.14"]
[Round "9"]
[White "Alimzhanov, Amir"]
[Black "Chos, Alexey"]
[Result "0-1"]
[WhiteElo "1071"]
[BlackElo "2296"]
[PlyCount "98"]
[EventDate "2023.07.14"]
[EventType "swiss (blitz)"]
[EventRounds "13"]
[EventCountry "UKR"]
[SourceTitle "CBM 215 Extra"]
[Source "ChessBase"]
[SourceDate "2023.09.30"]
[SourceVersion "1"]
[SourceVersionDate "2023.09.30"]
[SourceQuality "1"]

1. e4 d5 2. exd5 Nf6 3. d4 Qxd5 4. Nf3 Bg4 5. Be2 Nc6 6. h3 Qh5 7. 0-0 0-0-0 8. c3 e5 9. Re1 exd4 10. cxd4 Bb4 11. Nc3 Rhe8 12. Be3 Bd6 13. d5 Ne5 14. Nxe5 Qxe5 15. g3 Bxh3 16. Bf4 Qf5 17. Bxd6 Rxd6 18. Qd3 Qxd3 19. Bxd3 Rxe1+ 20. Rxe1 a6 21. Be4 Nxe4 22. Rxe4 Kd8 23. Rh4 Bf5 24. g4 Bc2 25. f4 h6 26. Rh2 Bh7 27. Kf2 f6 28. Kf3 b5 29. a3 a5 30. Rd2 b4 31. axb4 axb4 32. Ne4 Bxe4+ 33. Kxe4 Ra6 34. Rd4 Rb6 35. b3 g6 36. Rd2 Ra6 37. Kd4 f5 38. Rg2 Rf6 39. g5 hxg5 40. Rxg5 Ke7 41. Kc5 Rb6 42. Kc4 Kf6 43. Rg3 Rd6 44. Kc5 Rd8 45. Kc4 Re8 46. Kc5 Re4 47. Kc6 Rd4 48. Kc5 Rxf4 49. Rd3 g5 0-1

[Event "Alushta Blitz op"]
[Site "Alushta"]
[Date "2023.07.14"]
[Round "3"]
[White "Chos, Alexey"]
[Black "Triapishko, Alexandr"]
[Result "0-1"]
[WhiteElo "2296"]
[BlackElo "2506"]
[PlyCount "94"]
[EventDate "2023.07.14"]
[EventType "swiss (blitz)"]
[EventRounds "13"]
[EventCountry "UKR"]
[SourceTitle "CBM 215 Extra"]
[Source "ChessBase"]
[SourceDate "2023.09.30"]
[SourceVersion "1"]
[SourceVersionDate "2023.09.30"]
[SourceQuality "1"]

1. e4 g6 2. Nf3 Bg7 3. g3 c6 4. Bg2 d5 5. exd5 cxd5 6. 0-0 Nc6 7. d4 Nf6 8. c3 0-0 9. Bg5 Ne4 10. Bf4 Nd6 11. Nbd2 Bf5 12. Re1 e6 13. Ne5 h5 14. Nxc6 bxc6 15. Qa4 Qd7 16. Nb3 Nb7 17. c4 Rfd8 18. cxd5 cxd5 19. Qxd7 Rxd7 20. Rac1 Nd6 21. Nc5 Rdd8 22. Be5 Bxe5 23. Rxe5 Rac8 24. Ree1 a5 25. Bf1 Rb8 26. b3 Rdc8 27. Nd7 Rxc1 28. Rxc1 Rb4 29. Rd1 a4 30. Nc5 axb3 31. axb3 Ne4 32. f3 Nxc5 33. dxc5 Rxb3 34. Rc1 Rb7 35. Kf2 d4 36. c6 Rc7 37. Rc5 Kf8 38. h3 Ke7 39. g4 hxg4 40. hxg4 Bb1 41. Rc1 Ba2 42. Ke2 Bd5 43. f4 Rxc6 44. Rxc6 Bxc6 45. Kd3 Bb5+ 46. Kxd4 Bxf1 47. g5 Kd6 0-1

[Event "Alushta Blitz op"]
[Site "Alushta"]
[Date "2023.07.14"]
[Round "13"]
[White "Chos, Alexey"]
[Black "Truskavetsky, Alexandr"]
[Result "1-0"]
[WhiteElo "2296"]
[BlackElo "2363"]
[PlyCount "83"]
[EventDate "2023.07.14"]
[EventType "swiss (blitz)"]
[EventRounds "13"]
[EventCountry "UKR"]
[SourceTitle "CBM 215 Extra"]
[Source "ChessBase"]
[SourceDate "2023.09.30"]
[SourceVersion "1"]
[SourceVersionDate "2023.09.30"]
[SourceQuality "1"]

1. d4 d5 2. Nf3 Nf6 3. c4 e6 4. Nc3 c6 5. Bg5 Nbd7 6. a3 h6 7. Bh4 dxc4 8. e4 b5 9. e5 g5 10. Nxg5 hxg5 11. Bxg5 Qa5 12. exf6 b4 13. Ne4 bxa3+ 14. Bd2 Qd5 15. Nc3 Qxd4 16. bxa3 Bc5 17. Qf3 Ne5 18. Qg3 Ng4 19. Nd1 Nxf2 20. Qxf2 Qe5+ 21. Be3 Bxe3 22. Qxe3 Qxa1 23. Qc5 Qxf6 24. Qxc6+ Ke7 25. Qxa8 Qe5+ 26. Be2 c3 27. Qxa7+ Bd7 28. Qe3 Qxe3 29. Nxe3 Ra8 30. Nc2 Ba4 31. Bd3 Bxc2 32. Bxc2 Rxa3 33. Ke2 f5 34. h4 Kf6 35. h5 Kg7 36. h6+ Kh7 37. Rh2 Ra5 38. g4 Rd5 39. Ke3 Rd2 40. Rxd2 cxd2 41. g5 Kg6 42. Kxd2 1-0

[Event "Alushta Rapid op"]
[Site "Alushta"]
[Date "2023.07.13"]
[Round "9"]
[White "Chos, Alexey"]
[Black "Krepkiy, Igor"]
[Result "1-0"]
[WhiteElo "2296"]
[BlackElo "1582"]
[PlyCount "83"]
[EventDate "2023.07.11"]
[EventType "swiss (rapid)"]
[EventRounds "11"]
[EventCountry "UKR"]
[SourceTitle "CBM 215 Extra"]
[Source "ChessBase"]
[SourceDate "2023.09.30"]
[SourceVersion "1"]
[SourceVersionDate "2023.09.30"]
[SourceQuality "1"]

1. e4 c5 2. Nc3 Nc6 3. f4 g6 4. Nf3 Bg7 5. d3 d6 6. Be2 Bg4 7. 0-0 e6 8. Ng5 Bxe2 9. Nxe2 Nge7 10. Ng3 h6 11. Nf3 f5 12. Kh1 Qd7 13. Rb1 0-0-0 14. a3 fxe4 15. Nxe4 Nf5 16. b4 b6 17. c3 d5 18. Ned2 Bxc3 19. Qa4 cxb4 20. axb4 Ncd4 21. Qa3 Bxd2 22. Nxd2 Ne3 23. Qc3+ Qc7 24. Qxd4 Nxf1 25. Nxf1 g5 26. Be3 Kb7 27. b5 Qd6 28. Nd2 g4 29. Ra1 Rh7 30. Nb3 Rc7 31. Qa4 Kc8 32. Nd4 Kd7 33. Nc6 Rf8 34. g3 h5 35. Qd4 e5 36. Nxe5+ Kc8 37. Nc6 Rff7 38. Qh8+ Rf8 39. Qxh5 d4 40. Qxg4+ Rd7 41. Bxd4 Qd5+ 42. Kg1 1-0

[Event "Alushta Rapid op"]
[Site "Alushta"]
[Date "2023.07.12"]
[Round "8"]
[White "Nosach, Roman Al"]
[Black "Chos, Alexey"]
[Result "1-0"]
[WhiteElo "1631"]
[BlackElo "2296"]
[PlyCount "115"]
[EventDate "2023.07.11"]
[EventType "swiss (rapid)"]
[EventRounds "11"]
[EventCountry "UKR"]
[SourceTitle "CBM 215 Extra"]
[Source "ChessBase"]
[SourceDate "2023.09.30"]
[SourceVersion "1"]
[SourceVersionDate "2023.09.30"]
[SourceQuality "1"]

1. Nf3 d6 2. d4 Nf6 3. c4 g6 4. Nc3 Bg7 5. e4 0-0 6. Be2 c5 7. dxc5 dxc5 8. 0-0 Nc6 9. Be3 b6 10. Qc2 Ng4 11. Bf4 Nd4 12. Nxd4 cxd4 13. Rad1 e5 14. Bg3 h5 15. h3 h4 16. hxg4 hxg3 17. fxg3 Bh6 18. Nd5 Be6 19. Rf3 Bxd5 20. exd5 Be3+ 21. Kf1 Kg7 22. Qe4 Qg5 23. Bd3 Rh8 24. Ke2 Rh2 25. Rff1 Rd8 26. b4 Re8 27. d6 Rd8 28. c5 bxc5 29. bxc5 Rb8 30. Rb1 Rxb1 31. Rxb1 Bc1 32. Kf3 Rh1 33. Qe2 Qf6+ 34. Ke4 Qe6 35. Rb7 Kh6 36. Bc4 f5+ 37. Kd3 Qf6 38. Bg8 e4+ 39. Kc4 d3 40. Qf2 Kg5 41. d7 Rh8 42. Qe1 e3 43. Qf1 Kh6 44. Qh1+ Kg5 45. Qxh8 Qxh8 46. d8Q+ Kxg4 47. Kxd3 Kxg3 48. Qd6+ f4 49. Qxg6+ Kf2 50. Qg4 Qe5 51. Qf3+ Kg1 52. Qd1+ Kxg2 53. Qg4+ Kf2 54. Rg7 Qxg7 55. Qxg7 e2 56. Qd4+ Be3 57. Qb2 f3 58. Bd5 1-0